00708nam a2200217Ia 4500003000400000005001700004008004100021040000700062041000800069082002200077100002800099245004500127260004000172365001300212650002700225650002200252906004400274942001200318999001900330952014100349OSt20230605205735.0210423s2003 xx 000 0 und d cAL aeng a305.56 223bNARU aNARONAKAR (A R)9119725 aUntouchability and caste system in India aNew DelhibAnmol Publicationsc2003 b300cINR aSocial Classes9119726 aSociology9119727 acaste ; India ; system ; Untouchability 2ddccBK c175718d175718 001040708MSWaSACPGbSACPGd2010-09-28eBook Worldg300.00l2o305.56 NARUpPG022418r2023-02-20 00:00:00s2023-02-09w2021-04-26yBK